| 000 | 00892nam a2200217 a 4500 | ||
|---|---|---|---|
| 001 | BRCA_1382 | ||
| 005 | 20190320203413.0 | ||
| 008 | 730321s1968 mx-a---##b---#000-0#spa-# | ||
| 050 | 4 |
_aHA766 _b.O76 1968 |
|
| 100 | 1 |
_aOrtiz, Tadeo _d1788-1833 _94523 |
|
| 245 | 1 | 0 |
_aResumen de la estadística del Imperio Mexicano, 1822 _c[por] Simón Tadeo Ortiz de Ayala. Estudio preliminar, revisión de texto, notas y anexos de Tarsicio García Díaz. |
| 260 |
_aMéxico _bUNAM. Biblioteca Nacional _c1968 |
||
| 300 |
_axxvii, 105 p. _bil. _c24 cm. |
||
| 440 | 0 |
_aNueva biblioteca mexicana _v10 _94524 |
|
| 500 | _aIncluye índice onomástico | ||
| 500 | _aApéndices: Ideario republicano de Tadeo Ortiz de Ayala.--La ciudad de México. | ||
| 651 | 4 |
_aMéxico _vEstadística _94525 |
|
| 651 | 4 |
_aMéxico _xPolítica y gobierno _y1821-1861 _94526 |
|
| 700 | 1 |
_aGarcía Díaz, Tarsicio _94527 |
|
| 942 |
_2lcc _cB |
||
| 999 |
_c1244 _d1244 |
||